| 000 | 00404nam a22001457a 4500 | ||
|---|---|---|---|
| 020 | _a3540762205 | ||
| 040 | _cNust | ||
| 082 |
_a629.8 _bSIC |
||
| 100 |
_aB Siciliano _9124718 |
||
| 110 |
_aK.P Valavanis _9124719 |
||
| 245 | _aControl problems in Robotics and automation | ||
| 260 |
_aLondon: _bSpringer, _c1998. |
||
| 650 |
_aControl problems in Robotics and automation _9124720 |
||
| 942 |
_2ddc _cBK |
||
| 999 |
_c610522 _d610522 |
||